| 000 | 00605nam a2200229Ia 4500 | ||
|---|---|---|---|
| 005 | 20260429111853.0 | ||
| 008 | 260429s9999||||xx |||||||||||||| ||und|| | ||
| 020 | _a9781718201729 | ||
| 041 | _aEnglish | ||
| 082 |
_a612.044 _bKEN |
||
| 100 | _aKenney, W. Larry | ||
| 245 | 0 |
_aPhysiology of sport and exercise / _cW. Larry Kenney |
|
| 250 | _a8th ed. | ||
| 260 |
_aUnited States : _bHuman kinetics, _c2022. |
||
| 300 | _axix, 651 p.; hb | ||
| 650 | _a Exercise | ||
| 650 | _a Sports | ||
| 650 | _aHuman physiology | ||
| 700 | _a Costil, David L. | ||
| 700 | _a Wilmore, Jack H. | ||
| 942 | _cTB | ||
| 999 |
_c51217 _d51217 |
||